top 15 des chanteurs latino les plus connu - Statistiques

Statistiques générales
  • Ce quiz a été pris 146 fois
  • Le résultat moyen est 5 sur 15
Statistiques - réponses
Hint Réponse % Correct
2 Bad bunny
89%
1 Shakira
81%
7 Karol g
56%
6 Daddy yankee
53%
4 Maluma
53%
3 J balvin
52%
9 Ozuna
43%
5 Luis Fonsi
29%
15 Anuel AA
21%
8 Romeo santos
21%
14 feid
14%
13 Myke towers
11%
10 Marc Anthony
8%
11 Natti natasha
8%
12 Sebastian yatra
7%
Aucun quiz correspondant
Distribution des résultats
% des personnes avec chaque résultat
Percentile par nombre de réponses
Votre historique - résultats
Vous n’avez pas pris ce quiz